Моделирование синтеза оксидных композиций для ядерного топлива в условиях неравновесной воздушной плазмы; Материалы ядерной техники, МАЯТ-2019

Bibliografische gegevens
Parent link:Материалы ядерной техники, МАЯТ-2019.— 2019.— [С. 60-61]
Hoofdauteur: Тихонов А. Е. Алексей Евгеньевич
Coauteur: Национальный исследовательский Томский политехнический университет Инженерная школа ядерных технологий Отделение экспериментальной физики
Andere auteurs: Новосёлов И. Ю. Иван Юрьевич
Samenvatting:Заглавие с экрана
Taal:Russisch
Gepubliceerd in: 2019
Onderwerpen:
Online toegang:http://bochvar.ru/upload/files/mayat_2019.pdf#page=60
Formaat: MixedMaterials Elektronisch Hoofdstuk
KOHA link:https://koha.lib.tpu.ru/cgi-bin/koha/opac-detail.pl?biblionumber=664348

MARC

LEADER 00000naa0a2200000 4500
001 664348
005 20250814115055.0
035 |a (RuTPU)RU\TPU\network\35532 
035 |a RU\TPU\network\35520 
090 |a 664348 
100 |a 20210409d2019 k y0rusy50 ca 
101 0 |a rus 
102 |a RU 
135 |a drcn ---uucaa 
181 0 |a i  
182 0 |a b 
200 1 |a Моделирование синтеза оксидных композиций для ядерного топлива в условиях неравновесной воздушной плазмы  |f А. Е. Тихонов, И. Ю. Новосёлов 
203 |a Текст  |c электронный 
300 |a Заглавие с экрана 
463 |t Материалы ядерной техники, МАЯТ-2019  |o программа и тезисы научно-технической конференции, Москва, 8 октября 2019  |v [С. 60-61]  |d 2019 
610 1 |a электронный ресурс 
610 1 |a труды учёных ТПУ 
700 1 |a Тихонов  |b А. Е.  |g Алексей Евгеньевич 
701 1 |a Новосёлов  |b И. Ю.  |c специалист в области ядерных технологий  |c инженер-исследователь Томского политехнического университета  |f 1989-  |g Иван Юрьевич  |3 (RuTPU)RU\TPU\pers\32434 
712 0 2 |a Национальный исследовательский Томский политехнический университет  |b Инженерная школа ядерных технологий  |b Отделение экспериментальной физики  |3 (RuTPU)RU\TPU\col\23549 
801 2 |a RU  |b 63413507  |c 20210409  |g RCR 
856 4 |u http://bochvar.ru/upload/files/mayat_2019.pdf#page=60 
942 |c CF